Top 100 Women-Directed Films on Letterboxd - Statistics

General Stats
  • This quiz has been taken 20 times
  • The average score is 19 of 100
Answer Stats
# Year Director Actor Movie % Correct
18 1999 Lana Wachowski Keanu Reeves The Matrix
83%
17 2019 Greta Gerwig Saoirse Ronan Little Women
72%
3 2019 Céline Sciamma Noémie Merlant Portrait of a Lady on Fire
72%
22 2023 Celine Song Greta Lee Past Lives
67%
15 2025 Chloé Zhao Jessie Buckley Hamnet
61%
7 1975 Chantal Akerman Delphine Seyrig Jeanne Dielman, 23, quai du Commerce, 1080 Bruxelles
61%
10 2022 Charlotte Wells Paul Mescal Aftersun
56%
1 2002 Kátia Lund Alexandre Rodrigues City of God
56%
16 1962 Agnès Varda Corinne Marchand Cléo from 5 to 7
44%
12 2007 Marjane Satrapi Chiara Mastroianni Persepolis
44%
29 2023 Justine Triet Sandra Hüller Anatomy of a Fall
39%
42 2023 Alice Rohrwacher Josh O'Connor La Chimera
39%
11 2006 Valerie Faris Toni Collette Little Miss Sunshine
33%
52 2025 Eva Victor Eva Victor Sorry, Baby
33%
4 2025 Kaouther Ben Hania Motaz Malhees The Voice of Hind Rajab
33%
28 1999 Claire Denis Denis Lavant Beau Travail
28%
31 2001 Vicky Jenson Mike Myers Shrek
28%
88 2026 Nia DaCosta Ralph Fiennes 28 Years Later: The Bone Temple
22%
70 1966 Věra Chytilová Jitka Cerhová Daisies
22%
25 1965 Agnès Varda Jean-Claude Drouot Le Bonheur
22%
34 2025 Maïlys Vallade Loïse Charpentier Little Amélie or the Character of Rain
22%
24 2015 Deniz Gamze Ergüven Güneş Nezihe Şensoy Mustang
22%
44 1999 Lynne Ramsay William Eadie Ratcatcher
22%
2 1977 Larisa Shepitko Boris Plotnikov The Ascent
22%
50 2019 Lulu Wang Awkwafina The Farewell
22%
92 2016 Maren Ade Sandra Hüller Toni Erdmann
22%
14 2016 Naoko Yamada Miyu Irino A Silent Voice: The Movie
17%
95 1990 Penny Marshall Robert De Niro Awakenings
17%
62 1996 Lana Wachowski Gina Gershon Bound
17%
13 2018 Nadine Labaki Zain Al Rafeea Capernaum
17%
39 2016 Shoko Nakamura Kenji Nojima Dou kyu sei - Classmates
17%
48 2018 Alice Rohrwacher Adriano Tardiolo Happy as Lazzaro
17%
68 2017 DK Welchman Douglas Booth Loving Vincent
17%
47 1976 Elaine May Peter Falk Mikey and Nicky
17%
27 1977 Agnès Varda Thérèse Liotard One Sings, the Other Doesn't
17%
37 2021 Céline Sciamma Joséphine Sanz Petite Maman
17%
98 2025 Alauda Ruiz de Azúa Blanca Soroa Sundays
17%
74 1926 Lotte Reiniger no cast The Adventures of Prince Achmed
17%
41 2017 Nora Twomey Saara Chaudry The Breadwinner
17%
46 1998 Brenda Chapman Val Kilmer The Prince of Egypt
17%
26 2023 Paola Cortellesi Paola Cortellesi There's Still Tomorrow
17%
87 2017 Chloé Zhao Brady Jandreau The Rider
17%
53 1995 Beeban Kidron Patrick Swayze To Wong Foo, Thanks for Everything! Julie Newmar
17%
56 1994 Claire Denis Alice Houri U.S. Go Home
17%
30 2025 Cherien Dabis Saleh Bakri All That's Left of You
11%
38 2023 Jeanne Herry Birane Ba All Your Faces
11%
100 1971 Elaine May Walter Matthau A New Leaf
11%
67 1993 Jamie Babbit Natasha Lyonne But I'm a Cheerleader
11%
58 2021 Darin J. Sallam Ashraf Barhom Farha
11%
81 2024 Kelly O'Sullivan Keith Kupferer Ghostlight
11%
49 2018 Kim Bora Park Ji-hu House of Hummingbird
11%
21 1991 Agnès Varda Philippe Maron Jacquot de Nantes
11%
40 2011 Naoko Yamada Aki Toyosaki K-ON! The Movie
11%
55 2018 Yim Soon-rye Kim Tae-ri Little Forest
11%
60 2023 Kiran Rao Nitanshi Goel Lost Ladies
11%
66 1973 Lina Wertmüller Giancarlo Giannini Love and Anarchy
11%
71 2025 Alice Douard Ella Rumpf Love Letters
11%
43 2024 Marianna Brennand Jamilli Correa Manas
11%
59 2019 Anca Damian Lizzie Brocheré Marona's Fantastic Tale
11%
19 1982 Marilou Diaz-Abaya Lorna Tolentino Moral
11%
90 2020 Eliza Hittman Sidney Flanigan Never Rarely Sometimes Always
11%
54 2008 Yuki Tanada Yu Aoi One Million Yen Girl
11%
45 1971 Suzanne Schiffman Juliet Berto Out 1
11%
57 2011 Dee Rees Adepero Oduye Pariah
11%
23 1994 Chantal Akerman Circé Lethem Portrait of a Young Girl at the End of the 60s in Brussels
11%
8 2020 Jasmila Žbanić Jasna Ðuričić Quo Vadis, Aida?
11%
64 2004 Alice Wu Joan Chen Saving Face
11%
97 2017 Carla Simón Laia Artigas Summer 1993
11%
91 2019 Nora Fingscheidt Helena Zengel System Crasher
11%
6 1990 Cynthia Scott Alice Diabo The Company of Strangers
11%
36 2022 Charlotte Vandermeersch Luca Marinelli The Eight Mountains
11%
33 1978 Chantal Akerman Aurore Clément The Meetings of Anna
11%
20 2015 Anna Muylaert Regina Casé The Second Mother
11%
9 2011 Ágnes Hranitzky János Derzsi The Turin Horse
11%
51 1996 Cheryl Dunye Cheryl Dunye The Watermelon Woman
11%
83 2011 Céline Sciamma Zoé Héran Tomboy
11%
32 2018 René Liu Jing Boran Us and Them
11%
35 1985 Agnès Varda Sandrine Bonnaire Vagabond
11%
86 2025 Charlotte Devillers Myriem Akheddiou We Believe You
11%
5 2000 Ágnes Hranitzky Lars Rudolph Werckmeister Harmonies
11%
65 2022 Bang Woo-ri Kim Yoo-jung 20th Century Girl
6%
99 2008 Claire Denis Alex Descas 35 Shots of Rum
6%
93 2014 Anjali Menon Nazriya Nazim Bangalore Days
6%
79 2024 Yang Lina Jackson Yee Big World
6%
94 1983 Lizzie Borden Honey Born in Flames
6%
73 2000 Laís Bodanzky Rodrigo Santoro Brainstorm
6%
69 1995 Daniela Thomas Fernanda Torres Foreign Land
6%
61 2014 Ronit Elkabetz Ronit Elkabetz Gett: The Trial of Viviane Amsalem
6%
80 2023 Agnieszka Holland Jalal Altawil Green Border
6%
84 2021 Audrey Diwan Anamaria Vartolomei Happening
6%
76 2018 Naoko Yamada Atsumi Tanezaki Liz and the Blue Bird
6%
78 2017 Jeon Go-woon Esom Microhabitat
6%
75 2007 Farah Khan Shah Rukh Khan Om Shanti Om
6%
72 2002 Patricia Cardoso America Ferrera Real Women Have Curves
6%
85 1975 Lina Wertmüller Giancarlo Giannini Seven Beauties
6%
96 2017 Pelin Esmer Başak Köklükaya Something Useful
6%
63 2024 Antoinette Jadaone Maris Racal Sunshine
6%
77 2016 Yoon Ga-eun Choi Soo-in The World of Us
6%
82 2022 Laura Citarella Laura Paredes Trenque Lauquen
6%
89 2011 Zoya Akhtar Hrithik Roshan Zindagi Na Milegi Dobara
6%
No matching quizzes found
Score Distribution
Percent of People with Each Score
Percentile by Number Answered
Your Score History
You have not taken this quiz